How many times can you type in rhinovirus? - Statistics

General Stats
  • This quiz has been taken 50 times
  • The average score is 59 of 65
Answer Stats
Answer % Correct
Rhinovirus
100%
Rhinovirus
97%
Rhinovirus
97%
Rhinovirus
97%
Rhinovirus
95%
Rhinovirus
95%
Rhinovirus
95%
Rhinovirus
95%
Rhinovirus
95%
Rhinovirus
95%
Rhinovirus
95%
Rhinovirus
95%
Rhinovirus
95%
Rhinovirus
95%
Rhinovirus
95%
Rhinovirus
95%
Rhinovirus
95%
Rhinovirus
95%
Rhinovirus
95%
Rhinovirus
95%
Rhinovirus
95%
Rhinovirus
95%
Rhinovirus
95%
Rhinovirus
95%
Rhinovirus
92%
Rhinovirus
92%
Rhinovirus
92%
Rhinovirus
92%
Rhinovirus
92%
Rhinovirus
92%
Rhinovirus
92%
Rhinovirus
92%
Rhinovirus
92%
Rhinovirus
92%
Rhinovirus
92%
Rhinovirus
92%
Rhinovirus
92%
Rhinovirus
92%
Rhinovirus
92%
Rhinovirus
92%
Rhinovirus
92%
Rhinovirus
92%
Rhinovirus
92%
Rhinovirus
92%
Rhinovirus
92%
Rhinovirus
92%
Rhinovirus
92%
Rhinovirus
92%
Rhinovirus
89%
Rhinovirus
89%
Rhinovirus
89%
Rhinovirus
86%
Rhinovirus
86%
Rhinovirus
86%
Rhinovirus
86%
Rhinovirus
86%
Rhinovirus
84%
Rhinovirus
84%
Rhinovirus
84%
Rhinovirus
84%
Rhinovirus
81%
Rhinovirus
81%
Rhinovirus
81%
Rhinovirus
81%
Rhinovirus
81%
No matching quizzes found
Score Distribution
Percent of People with Each Score
Percentile by Number Answered
Your Score History
You have not taken this quiz